[Event "NRW-ch U16 Girls"]
[Site "Kranenburg"]
[Date "2009.04.13"]
[Round "1"]
[White "Bartholdus, Daniela"]
[Black "Bachem, Lisa"]
[Result "0-1"]
[WhiteElo "1423"]
[BlackElo "1184"]
[PlyCount "112"]
[EventDate "2009.04.13"]
[EventType "swiss"]
[EventRounds "7"]
[EventCountry "GER"]
[SourceTitle "EXT 2010"]
[Source "ChessBase"]
[SourceDate "2010.11.25"]
[SourceVersion "1"]
[SourceVersionDate "2010.11.25"]
[SourceQuality "1"]

1. d4 d5 2. Bf4 Nf6 3. Nf3 g6 4. e3 Bg7 5. Nbd2 0-0 6. c4 e6 7. Qc2 Nc6 8. Ne5 Nxe5 9. Bxe5 c6 10. cxd5 exd5 11. Bd3 Re8 12. 0-0 Nh5 13. Bxg7 Kxg7 14. Rae1 Qc7 15. Be2 Nf6 16. Bf3 Bg4 17. h3 Bxf3 18. Nxf3 Ne4 19. b4 Re7 20. a4 a5 21. b5 cxb5 22. Qxc7 Rxc7 23. axb5 Nd6 24. Rb1 a4 25. Rb2 a3 26. Rb3 Rc2 27. Ra1 Nc4 28. Rbb1 Rb2 29. Ne1 Nd2 30. Rd1 a2 31. Nd3 Rb1 32. Rc1 Rxa1 33. Rxa1 Nb3 34. Rxa2 Rxa2 35. Nb4 Ra5 36. Nxd5 Rxb5 37. Nc3 Ra5 38. f3 b5 39. Nd5 Ra1+ 40. Kf2 f6 41. Nc3 b4 42. Nd5 Nxd4 43. Nxb4 Ne6 44. f4 Rb1 45. Nd3 Rb3 46. Nc1 Rb2+ 47. Ne2 Nc5 48. Kf3 h5 49. g4 h4 50. Kf2 Nd3+ 51. Kf3 g5 52. fxg5 fxg5 53. e4 Ne5+ 54. Ke3 Rb3+ 55. Kd4 Nxg4 56. hxg4 h3 0-1

[Event "NRW-ch U14 Girls"]
[Site "Kranenburg"]
[Date "2008.03.28"]
[Round "6"]
[White "Rosenfeld, Elisabeth"]
[Black "Bartholdus, Daniela"]
[Result "1-0"]
[WhiteElo "1429"]
[BlackElo "1226"]
[PlyCount "163"]
[EventDate "2008.03.24"]
[EventType "swiss"]
[EventRounds "7"]
[EventCountry "GER"]
[SourceTitle "EXT 2009"]
[Source "ChessBase"]
[SourceDate "2008.11.26"]
[SourceVersion "1"]
[SourceVersionDate "2008.11.26"]
[SourceQuality "1"]

1. e4 e6 2. d4 d5 3. Nc3 Nf6 4. Bg5 Bb4 5. e5 h6 6. Bh4 g5 7. Bxg5 hxg5 8. exf6 Qxf6 9. Qd2 Bd7 10. Nf3 Rg8 11. 0-0-0 Qf4 12. Qxf4 gxf4 13. Ne2 Bd6 14. g3 fxg3 15. hxg3 Nc6 16. Bg2 0-0-0 17. Rh7 Rdf8 18. Rdh1 f6 19. Nc3 a6 20. R1h4 Ne7 21. Bh3 b6 22. Bf1 b5 23. a4 c6 24. Na2 Kc7 25. axb5 axb5 26. Bd3 Kd8 27. b3 e5 28. Nd2 Bf5 29. R7h5 Bxd3 30. cxd3 Ng6 31. Rg4 f5 32. Rgg5 exd4 33. Rxf5 Rxf5 34. Rxf5 Rf8 35. Rxf8+ Bxf8 36. f4 Bd6 37. Nf3 c5 38. Kc2 Ne7 39. Nh4 Ke8 40. Nc1 Kf7 41. Ne2 Nc6 42. Nf5 Bf8 43. g4 Kf6 44. Neg3 Ke6 45. Nh4 Kf7 46. g5 Bd6 47. g6+ Kg8 48. Nh5 Ne7 49. Nf6+ Kg7 50. Ne8+ Kf8 51. Nxd6 Ng8 52. Nxb5 Nf6 53. Nc7 Ke7 54. f5 Kd6 55. Ne6 Ng4 56. Kd2 Ke7 57. Nxc5 Kd6 58. Ne6 Ke5 59. Nf3+ Kxf5 60. Nfxd4+ Kxg6 61. Nf4+ Kf6 62. Nxd5+ Ke5 63. Ne3 Nf6 64. Kc3 Kd6 65. b4 Kd7 66. b5 Kd6 67. Kc4 Nd7 68. Nd5 Ne5+ 69. Kc3 Kxd5 70. Nc6 Nf7 71. Kb4 Nd6 72. d4 Nb7 73. Na5 Nd8 74. Kc3 Ne6 75. b6 Kd6 76. Kc4 Nd8 77. d5 Nf7 78. b7 Kc7 79. Kc5 Ne5 80. b8Q+ Kxb8 81. Nc6+ Nxc6 82. Kxc6 1-0

[Event "GER-chT U14 Girls"]
[Site "Stuttgart"]
[Date "2007.12.28"]
[Round "3.3"]
[White "Schulze, Tabea"]
[Black "Bartholdus, Daniela"]
[Result "1/2-1/2"]
[WhiteElo "858"]
[BlackElo "1106"]
[PlyCount "126"]
[EventDate "2007.12.27"]
[EventType "team-swiss"]
[EventRounds "7"]
[EventCountry "GER"]
[SourceTitle "EXT 2009"]
[Source "ChessBase"]
[SourceDate "2008.11.26"]
[SourceVersion "1"]
[SourceVersionDate "2008.11.26"]
[SourceQuality "1"]
[WhiteTeam "Endingen U14 Girls"]
[BlackTeam "Paderborn U14 Girls"]
[WhiteTeamCountry "GER"]
[BlackTeamCountry "GER"]

1. e4 e6 2. d4 d5 3. e5 c5 4. c3 Qb6 5. Nf3 Nc6 6. Be3 cxd4 7. cxd4 Qxb2 8. Nbd2 a6 9. Nb3 Bb4+ 10. Bd2 Bxd2+ 11. Nfxd2 Nxd4 12. Nxd4 Qxd4 13. Nf3 Qxd1+ 14. Rxd1 Ne7 15. Bd3 0-0 16. 0-0 Bd7 17. Rc1 Rac8 18. Rxc8 Rxc8 19. h3 b5 20. Re1 a5 21. Nd4 b4 22. Ra1 Ng6 23. Bxg6 fxg6 24. a3 h6 25. axb4 axb4 26. Rb1 Rc4 27. Nf3 Ba4 28. Nd2 Bc2 29. Rb2 Rc6 30. Rxb4 Kh7 31. Kf1 Bd3+ 32. Kg1 Bc4 33. Nxc4 dxc4 34. Rb1 c3 35. Rc1 c2 36. Kf1 g5 37. Ke2 Kg6 38. Kd2 Kf5 39. Rxc2 Rxc2+ 40. Kxc2 Kxe5 41. Kd3 Kf4 42. Ke2 g4 43. hxg4 Kxg4 44. Ke3 Kf5 45. Kf3 g5 46. g4+ Ke5 47. Ke3 Kd5 48. f4 e5 49. f5 Kd6 50. Ke4 h5 51. gxh5 g4 52. h6 g3 53. h7 g2 54. h8Q g1Q 55. Qxe5+ Kd7 56. Qe6+ Kd8 57. Qd6+ Ke8 58. Qg6+ Qxg6 59. fxg6 Kf8 60. Kf5 Kg8 61. Kf6 Kf8 62. Kg5 Kg7 63. Kf5 Kg8 1/2-1/2

[Event "GER-chT U12"]
[Site "Verden"]
[Date "2005.12.28"]
[Round "3.4"]
[White "Bartholdus, Daniela"]
[Black "Emrich, Timm"]
[Result "0-1"]
[WhiteElo "906"]
[BlackElo "910"]
[PlyCount "82"]
[EventDate "2005.12.27"]
[EventType "team-swiss"]
[EventRounds "7"]
[EventCountry "GER"]
[SourceTitle "CBM 110 Extra"]
[Source "ChessBase"]
[SourceDate "2006.03.10"]
[SourceVersion "2"]
[SourceVersionDate "2006.03.10"]
[SourceQuality "1"]

1. d4 d5 2. Nf3 Bg4 3. Bf4 g6 4. e3 Bg7 5. c3 c6 6. Nbd2 Nf6 7. Bd3 e6 8. Qe2 Nbd7 9. 0-0-0 0-0 10. h3 Bxf3 11. Nxf3 Qa5 12. Kb1 b5 13. Bd6 Rfe8 14. Bb4 Qb6 15. Nd2 a5 16. Bd6 b4 17. cxb4 axb4 18. Nb3 Qa7 19. Bxb4 Qxa2+ 20. Kc2 Qa7 21. Rc1 Qb6 22. Kd2 Qxb4+ 23. Rc3 Rec8 24. Ba6 Rc7 25. Ra1 Ne4+ 26. Kc2 Nxc3 27. bxc3 Qb6 28. Bd3 Rxa1 29. Nxa1 Qa5 30. Nb3 Qa2+ 31. Kc1 Qxb3 32. Bc2 Qxc3 33. g4 Ra7 34. Qa6 Rxa6 35. Kd1 Ra1+ 36. Bb1 Rxb1+ 37. Ke2 Qe1+ 38. Kf3 Qh1+ 39. Kg3 Rg1+ 40. Kh4 Bf6+ 41. g5 Bxg5# 0-1